Non-Americans in the Top 100 of Most Followed Instagram Accounts - Statistics

General Stats
  • This quiz has been taken 34 times
  • The average score is 12 of 51
Answer Stats
Rank Followers Country Occupation Name % Correct
2 647 M Footballer Cristiano Ronaldo
97%
3 505 M Footballer Lionel Messi
93%
12 295 M Singer Justin Bieber
76%
44 90.9 M Singer Shakira
76%
18 227 M Footballer Neymar
72%
31 144 M Rapper Drake
69%
34 123 M Footballer Kylian Mbappé
69%
29 150 M Singer Rihanna
69%
47 88.3 M Footballer David Beckham
62%
37 109 M Actress Gal Gadot
62%
77 66.7 M Singer Kim Tae-hyung (V)
55%
19 226 M Rapper Nicki Minaj
38%
62 76.2 M Footballer Karim Benzema
28%
43 92.3 M Politician Narendra Modi
28%
63 76.1 M Singer The Weeknd
28%
42 92.6 M Actress Priyanka Chopra
24%
51 82.6 M Singer Rosé
24%
59 76.9 M Footballer Ronaldinho
21%
16 271 M Cricketer Virat Kohli
21%
48 87.4 M Singer Dua Lipa
17%
38 105 M Rapper LISA
17%
71 70.5 M Singer Karol G
14%
80 64.9 M Footballer Sergio Ramos
14%
69 71.5 M Singer Shawn Mendes
14%
100 58.8 M Actor Chris Hemsworth
10%
52 81.3 M Influencer Khaby Lame
10%
86 64.3 M Singer Maluma
10%
87 64.1 M Footballer Mohamed Salah
10%
82 64.6 M Actor Tom Holland
10%
88 64.1 M Footballer Zlatan Ibrahimović
10%
76 67.2 M Actor Akshay Kumar
7%
49 86.2 M Actress Alia Bhatt
7%
74 69.0 M Actress Anushka Sharma
7%
83 64.6 M Singer Camila Cabello
7%
54 80.5 M Actress Deepika Padukone
7%
66 73.9 M Actress Emma Watson
7%
79 65.0 M Influencer Georgina Rodríguez
7%
50 86.0 M Singer Jennie
7%
55 79.7 M Singer Jisoo
7%
99 59.3 M Politician Joko Widodo
7%
72 69.9 M Actor Salman Khan
7%
41 94.3 M Actress Shraddha Kapoor
7%
75 67.8 M Footballer Marcelo Vieira
3%
89 63.4 M Actress Millie Bobby Brown
3%
56 78.5 M Singer Neha Kakkar
3%
91 62.3 M Footballer Paul Pogba
3%
85 64.4 M Singer Anitta
0%
93 61.5 M Actress Disha Patani
0%
70 71.2 m Actress Jacqueline Fernandez
0%
53 80.5 M Actress Katrina Kaif
0%
67 72.7 M Actress Urvashi Rautela
0%
No matching quizzes found
Score Distribution
Percent of People with Each Score
Percentile by Number Answered
Your Score History
You have not taken this quiz